JCT Standard form of building contract 1980 edition with quanitities: contractor`s designed portion supplement (1981): practice note CD/2 (Record no. 97476)

MARC details
000 -LEADER
fixed length control field 00921cam a2200205 4500
001 - CONTROL NUMBER
control field D6188
008 - FIXED-LENGTH DATA ELEMENTS--GENERAL INFORMATION
fixed length control field 090401t1981 xxu||||| |||| 00| 0 eng d
035 ## - SYSTEM CONTROL NUMBER
System control number (Sirsi) u89572
041 ## - LANGUAGE CODE
Language code of text/sound track or separate title eng
050 ## - LIBRARY OF CONGRESS CALL NUMBER
Classification number 692.8
110 ## - MAIN ENTRY--CORPORATE NAME
Corporate name or jurisdiction name as entry element Joint Contracts Tribunal
9 (RLIN) 3664
245 ## - TITLE STATEMENT
Title JCT Standard form of building contract 1980 edition with quanitities: contractor`s designed portion supplement (1981): practice note CD/2
260 ## - PUBLICATION, DISTRIBUTION, ETC.
Name of publisher, distributor, etc. RIBA
Date of publication, distribution, etc. 1981
300 ## - PHYSICAL DESCRIPTION
Extent 20p. 30cm
350 ## - PRICE (NR) (BK AM CF MU VM SE) [OBSOLETE]
Price 0
490 ## - SERIES STATEMENT
Series statement JCT Practice Note
Volume/sequential designation CD/2
520 ## - SUMMARY, ETC.
Summary, etc. Filed in box JCT 1981/11A - Archives, C - Loan ; Contents: The new Contractor`s designed portion supplement 1981 edition: insurance: contractor`s design liability for the contractor`s designed portion: commentary on the modifications in the supplement to the JCT standard form with quanitities 1980 edition: notes on the analysis: application of fo
942 ## - ADDED ENTRY ELEMENTS (KOHA)
Suppress in OPAC 0
948 ## - LOCAL PROCESSING INFORMATION (OCLC); SERIES PART DESIGNATOR (RLIN)
c (OCLC) 04/03/1997
Holdings
Withdrawn status Lost status Source of classification or shelving scheme Damaged status Not for loan Home library Current library Shelving location Date acquired Total Checkouts Full call number Barcode Date last seen Copy number Price effective from Koha item type Date last checked out
    Dewey Decimal Classification     London London Boxed set 08/08/1991   JCT 1981/2 30016389 06/08/2019 1 06/08/2019 Reference material  
    Dewey Decimal Classification     London London Boxed set 08/08/1991 5 JCT 1981/2 30016390 06/08/2019 2 06/08/2019 Book 11/08/2005